Religion and the city in India (Record no. 1224475)

MARC details
000 -LEADER
fixed length control field 00662nam a2200229Ia 4500
005 - DATE AND TIME OF LATEST TRANSACTION
control field 20241129104119.0
008 - FIXED-LENGTH DATA ELEMENTS--GENERAL INFORMATION
fixed length control field 241129s9999||||xx |||||||||||||| ||und||
020 ## - INTERNATIONAL STANDARD BOOK NUMBER
International Standard Book Number 9781032404202
037 ## - SOURCE OF ACQUISITION
Stock number Textual
040 ## - CATALOGING SOURCE
Original cataloging agency RTL
Language of cataloging eng
Transcribing agency RTL
041 ## - LANGUAGE CODE
Language code of text/sound track or separate title eng
Source of code eng
084 ## - COLON CLASSIFICATION NUMBER
Classification number Y73(Q7).2 R2
Assigning agency RTL
100 ## - MAIN ENTRY--PERSONAL NAME
Personal name Chaudhuri Supriya
245 #0 - TITLE STATEMENT
Title Religion and the city in India
Statement of responsibility, etc. Chaudhuri Supriya
260 ## - PUBLICATION, DISTRIBUTION, ETC.
Place of publication, distribution, etc. London
Name of publisher, distributor, etc. Routledge
Date of publication, distribution, etc. 2022
300 ## - PHYSICAL DESCRIPTION
Extent xi,232p.
365 ## - TRADE PRICE
Price type code INR
Price amount 1495
490 ## - SERIES STATEMENT
Series statement Routledge South Asian Religion Series.
650 ## - SUBJECT ADDED ENTRY--TOPICAL TERM
Topical term or geographic name entry element Religion and Urban India
9 (RLIN) 724823
942 ## - ADDED ENTRY ELEMENTS (KOHA)
Koha item type Textbook
Classification part Y73(Q7).2 R2
Holdings
Withdrawn status Lost status Damaged status Not for loan Home library Current library Date acquired Source of acquisition Cost, normal purchase price Inventory number Total Checkouts Full call number Barcode Date last seen Price effective from Koha item type
        Ratan Tata Library Ratan Tata Library 2024-11-29 Shivam Book Service 1495.00 177 & 01/02/2023   Y73(Q7).2 R2 RT1502411 2024-11-29 2024-11-29 Textbook
Copyright @ Delhi University Library System